000 00755nam a22002297a 4500
005 20120608162854.0
008 120608t xxu||||| |||| 00| 0 eng d
010 _aENG-105474
020 _a9780198077138
_c195.00
020 _a0198077130
_c195.00
035 _aEN-89007
037 _bDBAD/PUB
040 _aDPL
_bEng
082 _a882
100 _aKarnad, Girish
_948622
245 _aTughlaq /
_cby Girish Karnad
260 _aNew Delhi
_bOxford University Press
_c2012
270 _aYMCA Library Building.1 Jai Singh Road,
_bNew Delhi
_e110001
300 _axxi,116p.
_c22cm(pbk)
942 _2ddc
_cEN
_mKAR
_h882
999 _c68209
_d68209